Mũi tên đen Tiểu thuyết trinh thám

Saved in:
Bibliographic Details
Main Author: Robert Louis Stevenson
Format: Book
Language:Undetermined
Published: Tp. HCM Văn Nghệ 1996
Subjects:
Tags: Add Tag
No Tags, Be the first to tag this record!
Institutions: Trung tâm Học liệu Trường Đại học Cần Thơ
LEADER 00569nam a2200181Ia 4500
001 CTU_37452
008 210402s9999 xx 000 0 und d
082 |a 823.8 
082 |b S847m 
100 |a Robert Louis Stevenson 
245 0 |a Mũi tên đen 
245 0 |b Tiểu thuyết trinh thám 
245 0 |c Robert Louis Stevenson, Phạm Đăng Phụng 
260 |a Tp. HCM 
260 |b Văn Nghệ 
260 |c 1996 
650 |a english fiction ( vietnamese ),english literature - 19th century 
980 |a Trung tâm Học liệu Trường Đại học Cần Thơ